Finished!: (Record no. 7570)

000 -LEADER
fixed length control field 00604nam a2200193 a 4500
001 - CONTROL NUMBER
control field :::00005331$&:&@@
003 - CONTROL NUMBER IDENTIFIER
control field OkBaRHE
005 - DATE AND TIME OF LATEST TRANSACTION
control field 20000607103325.0
008 - FIXED-LENGTH DATA ELEMENTS--GENERAL INFORMATION
fixed length control field s1977 j 000 0 eng u
020 ## - INTERNATIONAL STANDARD BOOK NUMBER
International Standard Book Number 0871483335
040 ## - CATALOGING SOURCE
Transcribing agency
100 1# - MAIN ENTRY--PERSONAL NAME
Personal name Sisler, M. David.
245 10 - TITLE STATEMENT
Title Finished!:
Remainder of title living words from the dying Savior.
260 ## - PUBLICATION, DISTRIBUTION, ETC. (IMPRINT)
Place of publication, distribution, etc Cleveland, TN., :
Name of publisher, distributor, etc Pathway Press
Date of publication, distribution, etc c1977
300 ## - PHYSICAL DESCRIPTION
Extent 108 p. ;
Dimensions 18 cm.
650 ## - SUBJECT ADDED ENTRY--TOPICAL TERM
Topical term or geographic name as entry element Jesus Christ
General subdivision Seven Last Words
-- Meditations
942 ## - ADDED ENTRY ELEMENTS (KOHA)
Source of classification or shelving scheme
Koha item type Books
Copies
Barcode Permanent Location Koha item type Damaged status Withdrawn status Full call number Price effective from Not for loan Shelving location Date last seen Date acquired Lost status Copy number Source of classification or shelving scheme
5331RHEMA Bible Training CollegeBooks  BT 456 .S552010-04-14 General Stacks2010-04-142010-04-14 1